<?xml version="1.0" encoding="UTF-8"?>
<record
    xmlns:xsi="http://www.w3.org/2001/XMLSchema-instance"
    xsi:schemaLocation="http://www.loc.gov/MARC21/slim http://www.loc.gov/standards/marcxml/schema/MARC21slim.xsd"
    xmlns="http://www.loc.gov/MARC21/slim">

  <leader>00530nam a22001577a 4500</leader>
  <controlfield tag="003">OSt</controlfield>
  <controlfield tag="005">20151130144713.0</controlfield>
  <controlfield tag="008">151130b        xxu||||| |||| 00| 0 eng d</controlfield>
  <datafield tag="040" ind1=" " ind2=" ">
    <subfield code="c">RUA</subfield>
  </datafield>
  <datafield tag="082" ind1=" " ind2=" ">
    <subfield code="a">FIS KE 1996 B163 Or.1</subfield>
  </datafield>
  <datafield tag="100" ind1=" " ind2=" ">
    <subfield code="9">4031</subfield>
    <subfield code="a">KE, SAVY.</subfield>
  </datafield>
  <datafield tag="245" ind1=" " ind2=" ">
    <subfield code="a">Woman activities of fishery sector in pusat province, &#x179F;&#x1780;&#x1798;&#x17D2;&#x1798;&#x1797;&#x17B6;&#x1796;&#x179F;&#x17D2;&#x178F;&#x17D2;&#x179A;&#x17B8;&#x179B;&#x17BE;&#x179C;&#x17B7;&#x179F;&#x17D0;&#x1799;&#x1787;&#x179B;&#x1795;&#x179B; &#x1793;&#x17C5;&#x1781;&#x17C1;&#x178F;&#x17D2;&#x178F;&#x1796;&#x17C4;&#x1792;&#x17B7;&#x179F;&#x17B6;&#x178F;&#x17CB;</subfield>
  </datafield>
  <datafield tag="260" ind1=" " ind2=" ">
    <subfield code="a">Phnom Penh</subfield>
    <subfield code="b">RUA</subfield>
    <subfield code="c">1996</subfield>
  </datafield>
  <datafield tag="300" ind1=" " ind2=" ">
    <subfield code="a">59p.</subfield>
    <subfield code="b">ill.</subfield>
    <subfield code="c">29cm.</subfield>
  </datafield>
  <datafield tag="942" ind1=" " ind2=" ">
    <subfield code="2">ddc</subfield>
    <subfield code="c">FIS</subfield>
  </datafield>
  <datafield tag="999" ind1=" " ind2=" ">
    <subfield code="c">3751</subfield>
    <subfield code="d">3751</subfield>
  </datafield>
  <datafield tag="952" ind1=" " ind2=" ">
    <subfield code="0">0</subfield>
    <subfield code="1">0</subfield>
    <subfield code="2">ddc</subfield>
    <subfield code="4">0</subfield>
    <subfield code="6">FIS_KE_1996_000000000000000_B163_OR_1</subfield>
    <subfield code="7">0</subfield>
    <subfield code="9">18824</subfield>
    <subfield code="a">LBB</subfield>
    <subfield code="b">LBB</subfield>
    <subfield code="c">B163</subfield>
    <subfield code="d">2015-11-30</subfield>
    <subfield code="o">FIS KE 1996 B163 Or.1</subfield>
    <subfield code="p">RUA012352</subfield>
    <subfield code="r">2015-11-30</subfield>
    <subfield code="w">2015-11-30</subfield>
    <subfield code="y">FIS</subfield>
  </datafield>
  <datafield tag="952" ind1=" " ind2=" ">
    <subfield code="0">0</subfield>
    <subfield code="1">0</subfield>
    <subfield code="2">ddc</subfield>
    <subfield code="4">0</subfield>
    <subfield code="6">FIS_KE_1996_000000000000000_B163_OR_2</subfield>
    <subfield code="7">0</subfield>
    <subfield code="9">18825</subfield>
    <subfield code="a">LBB</subfield>
    <subfield code="b">LBB</subfield>
    <subfield code="c">B163</subfield>
    <subfield code="d">2015-11-30</subfield>
    <subfield code="o">FIS KE 1996 B163 Or.2</subfield>
    <subfield code="p">RUA012573</subfield>
    <subfield code="r">2015-11-30</subfield>
    <subfield code="w">2015-11-30</subfield>
    <subfield code="y">FIS</subfield>
  </datafield>
  <datafield tag="952" ind1=" " ind2=" ">
    <subfield code="0">0</subfield>
    <subfield code="1">0</subfield>
    <subfield code="2">ddc</subfield>
    <subfield code="4">0</subfield>
    <subfield code="6">FIS_KE_1996_000000000000000_B163_OR_3</subfield>
    <subfield code="7">0</subfield>
    <subfield code="9">18826</subfield>
    <subfield code="a">LBB</subfield>
    <subfield code="b">LBB</subfield>
    <subfield code="c">B163</subfield>
    <subfield code="d">2015-11-30</subfield>
    <subfield code="o">FIS KE 1996 B163 Or.3</subfield>
    <subfield code="p">RUA012645</subfield>
    <subfield code="r">2015-11-30</subfield>
    <subfield code="w">2015-11-30</subfield>
    <subfield code="y">FIS</subfield>
  </datafield>
  <datafield tag="952" ind1=" " ind2=" ">
    <subfield code="0">0</subfield>
    <subfield code="1">0</subfield>
    <subfield code="2">ddc</subfield>
    <subfield code="4">0</subfield>
    <subfield code="6">FIS_KE_1996_000000000000000_B163_OR_4</subfield>
    <subfield code="7">0</subfield>
    <subfield code="9">18827</subfield>
    <subfield code="a">LBB</subfield>
    <subfield code="b">LBB</subfield>
    <subfield code="c">B163</subfield>
    <subfield code="d">2015-11-30</subfield>
    <subfield code="l">1</subfield>
    <subfield code="o">FIS KE 1996 B163 Or.4</subfield>
    <subfield code="p">RUA012717</subfield>
    <subfield code="r">2017-01-18</subfield>
    <subfield code="s">2016-12-13</subfield>
    <subfield code="w">2015-11-30</subfield>
    <subfield code="y">FIS</subfield>
  </datafield>
  <datafield tag="952" ind1=" " ind2=" ">
    <subfield code="0">0</subfield>
    <subfield code="1">0</subfield>
    <subfield code="2">ddc</subfield>
    <subfield code="4">0</subfield>
    <subfield code="6">FIS_KE_1996_000000000000000_B163_OR_5</subfield>
    <subfield code="7">0</subfield>
    <subfield code="9">18828</subfield>
    <subfield code="a">LBB</subfield>
    <subfield code="b">LBB</subfield>
    <subfield code="c">B163</subfield>
    <subfield code="d">2015-11-30</subfield>
    <subfield code="o">FIS KE 1996 B163 Or.5</subfield>
    <subfield code="p">RUA012359</subfield>
    <subfield code="r">2015-11-30</subfield>
    <subfield code="w">2015-11-30</subfield>
    <subfield code="y">FIS</subfield>
  </datafield>
  <datafield tag="952" ind1=" " ind2=" ">
    <subfield code="0">0</subfield>
    <subfield code="1">0</subfield>
    <subfield code="2">ddc</subfield>
    <subfield code="4">0</subfield>
    <subfield code="6">FIS_KE_1996_000000000000000_B163_OR_6</subfield>
    <subfield code="7">0</subfield>
    <subfield code="9">18829</subfield>
    <subfield code="a">LBB</subfield>
    <subfield code="b">LBB</subfield>
    <subfield code="c">B163</subfield>
    <subfield code="d">2015-11-30</subfield>
    <subfield code="o">FIS KE 1996 B163 Or.6</subfield>
    <subfield code="p">RUA012431</subfield>
    <subfield code="r">2015-11-30</subfield>
    <subfield code="w">2015-11-30</subfield>
    <subfield code="y">FIS</subfield>
  </datafield>
  <datafield tag="952" ind1=" " ind2=" ">
    <subfield code="0">0</subfield>
    <subfield code="1">0</subfield>
    <subfield code="2">ddc</subfield>
    <subfield code="4">0</subfield>
    <subfield code="6">FIS_KE_1996_000000000000000_B163_OR_7</subfield>
    <subfield code="7">0</subfield>
    <subfield code="9">18830</subfield>
    <subfield code="a">LBB</subfield>
    <subfield code="b">LBB</subfield>
    <subfield code="c">B163</subfield>
    <subfield code="d">2015-11-30</subfield>
    <subfield code="o">FIS KE 1996 B163 Or.7</subfield>
    <subfield code="p">RUA012503</subfield>
    <subfield code="r">2015-11-30</subfield>
    <subfield code="w">2015-11-30</subfield>
    <subfield code="y">FIS</subfield>
  </datafield>
</record>
